00714nam a2200205Ia 4500003000900000008004100009020001800050040001600068080001700084245010700101260004200208300001600250650004100266650002200307650001600329700003600345942000700381999001500388952010500403IN-BaIIA211028s9999 xx 000 0 eng d a90-277-2144-0 cIIA Library a524.1-6bCOS 0aCosmic radiation in contemporary astrophysicscedited by Maurice M. Shapiro  aDordrechtbD. Reidel Publishingc1986 aviii, 274p. aAstronomy and astrophysics thesaurus aAstrophysics9794 aCosmic rays aShapiro, Maurice M., ed.913990 cBK c8835d8835 00104070aBANbBANcGENd1986-10-06l0o524.1-6/ COSp9713r2021-11-05w1986-10-06yBKGDFL 125.00